US States with Universities in the Top 100 - Statistics

General Stats
  • This quiz has been taken 44 times
    5 since last reset
  • The average score is 27 of 30
Answer Stats
Number of Universities State % Correct
1 Alabama
100%
16 California
100%
2 Connecticut
100%
3 Georgia
100%
5 Illinois
100%
3 Indiana
100%
1 Iowa
100%
1 Louisiana
100%
9 Massachusetts
100%
1 Minnesota
100%
1 New Hampshire
100%
6 New Jersey
100%
11 New York
100%
5 North Carolina
100%
8 Pennsylvania
100%
6 Texas
100%
3 Virginia
100%
2 Washington
100%
1 Wisconsin
100%
1 Colorado
80%
4 Florida
80%
2 Maryland
80%
2 Michigan
80%
1 Missouri
80%
2 Ohio
80%
1 Rhode Island
80%
1 South Carolina
80%
1 Tennessee
80%
1 Delaware
60%
1 Oregon
60%
No matching quizzes found
Score Distribution
Percent of People with Each Score
Percentile by Number Answered
Your Score History
You have not taken this quiz since the last reset